| 000 | 00366nam a2200157Ia 4500 | ||
|---|---|---|---|
| 008 | 230917s9999||||xx |||||||||||||| ||und|| | ||
| 040 |
_e142183 _aMAIN |
||
| 041 | _aEnglish | ||
| 082 | _a346.022 K143S | ||
| 100 | _aKapoor, S.K. | ||
| 245 | 0 | _aSavinda-I | |
| 250 | _a4th ed. | ||
| 260 |
_aallahabad _bCentral law _c2007 |
||
| 300 | _axxxi, 334p p. | ||
| 942 | _cBK | ||
| 999 |
_c146356 _d146356 |
||